| 000 | 01160nam a2200265Ia 4500 | ||
|---|---|---|---|
| 999 |
_c52500 _d52500 |
||
| 001 | 19523 | ||
| 003 | GE_BSU | ||
| 005 | 20200220165101.0 | ||
| 008 | 181216s1988||||ge |||||||||||||| ||geo|| | ||
| 040 | _cGE_BSU | ||
| 041 | _ageo | ||
| 080 | _a811.353.1'367.625 გ-61 | ||
| 100 |
_aგოგოლაშვილი, გიორგი. _92128 |
||
| 245 |
_aქართული ზმნის უღლების სისტემა / _cგიორგი გოგოლაშვილი ; რედ. ბესარიონ ჯორბენაძე. |
||
| 264 |
_aთბილისი : _bმეცნიერება, _c1988. |
||
| 300 |
_a174 გვ. ; _c21 სმ. |
||
| 504 | _aბიბლიოგრ. : გვ. 170-174 | ||
| 520 | _aრეზიუმე რუსულ ენაზე | ||
| 541 | _h3ლ.80თ. | ||
| 653 | _aზმნა ქართულ ენაში | ||
| 653 | _aზმნის უღლება ქართულში | ||
| 653 | _aქართული ენა | ||
| 700 |
_aჯორბენაძე, ბესარიონ _eრედაქტორი _91214 |
||
| 942 |
_cBK _2udc |
||